000 00944nam a2200265 4500
003 OSt
005 20240729005249.0
006 a
008 240729b |||||||| |||| 00| 0 eng d
020 _a9780763786090
040 _aDWCL-HMN lib.
_cOC
082 _aCirc. 617.4610592 G481o 2011
100 _aGilligan, Hannah M.
245 _a100 questions & answers about liver, heart, and kidney transplantation : a lahey clinic guide /
260 _aSudbury, Mass :
_bJones and Bartlett Learning,
_cc2011.
300 _axii,
_b239 p. : ill. ;
_c23 cm.
504 _aIncludes index.
650 _a1. Heart-Tansplantation-Miscellanea.
650 _a2. Heart-Tansplantation-Popular works.
650 _a3. Kidney-Transplantation-Popular works.
650 _a4. Kidneys-transplantation-Miscellanea.
650 _a5. Liver-Transplantation-Miscellanea.
650 _a6. Liver-Transplantation-Popular works.
942 _2ddc
_n0
_cBK-CIRC
_kCirc.
999 _c2874
_d2874